000 00639nam a2200205Ii 4500
003 JO-AjNU
008 230605s9999||||xx |||||||||||||| ||und||
040 _aJO-AjNU
_bara
_erda
_cJO-AjNU
041 _aara
050 1 4 _aZ7835 .M6 K572 2011
100 3 _aالكتاني ،السيد محمد جعفر ,
_eauthor
_956393
245 0 0 _aالرسالة المستطرفة
250 _aط2
264 3 1 _aعمان:دار الفكر،1980
300 _a176ص
336 _atext
_btxt
_2rdacontent
337 _aunmediated
_bn
_2rdamedia
338 _avolume
_bnc
_2rdacarrier
650 4 _a حدث شريف -- ببلوغرافيا 
_956394
999 _aA25209
_c28777
_d28777